Famous Buildings of Europe #2 - Statistics

General Stats
  • This quiz has been taken 241 times
  • The average score is 16 of 22
Answer Stats
Building European City % Correct
Louvre Paris
100%
Colosseum Rome
98%
Reichstag Berlin
96%
Anne Frank house Amsterdam
93%
Kremlin Moscow
93%
Sagrada Familia Barcelona
92%
Shard London
92%
Finlandia Hall Helsinki
90%
Prado Madrid
83%
Galleria Vittorio Emanuele II Milan
78%
Basilica di San Marco Venice
74%
Schönbrunn Castle Vienna
74%
Buda castle Budapest
73%
Palazzo Vecchio Florence
68%
Palace of Culture and Science Warsaw
67%
Globen Stockholm
61%
Halgrimskírkja Reykjavik
55%
Amalienborg castle Copenhagen
54%
Alhambra Granada
50%
Wawel cathedral Krakow
47%
Zentrum Paul Klee Bern
37%
Mauritshuis Hague
30%
No matching quizzes found
Score Distribution
Percent of People with Each Score
Percentile by Number Answered
Your Score History
You have not taken this quiz